000 00812nam a2200301 a 4500
001 35259
003 AR-BaAGN
005 20231116151026.0
007 ta
008 220625s2000 ag |||||r|||| ||||||spa d
020 _a950-9807-59-1
040 _dAR-BaAGN
_aAR-BaAGN
_bspa
_eaacr
110 1 _aFondo Nacional de las Artes
245 1 0 _aCine Argentino :
_bindustria y clasicismo : 1933-56
250 _a1ª ed.
260 _aBuenos Aires :
_bFondo nacional de las artes,
_cc2000.
300 _a567 páginas :
_bfot. byn
336 _2rdacontent
_btxt
337 _2rdamedia
_bn
338 _2rdacarrier
_bnc
490 0 _aCine Argentino ;
_vt 2
650 4 _aCENSURA
_91591
700 1 _aEspaña, Claudio
_epbd
942 _cLIBRO
999 _c35259
_d35259